|
|
|
|
| LEADER |
00836nta a2200193 i 4500 |
| 001 |
dipl87487 |
| 005 |
20200605113751.0 |
| 008 |
200604s2019 hu om 0|| zxx d |
| 040 |
|
|
|a SZTE Diploma Repozitórium
|b hun
|
| 041 |
|
|
|a zxx
|
| 100 |
1 |
|
|a Horti Katalin
|
| 245 |
1 |
0 |
|a Tabuszavak hatása a kognitív teljesítményre különböző személyiségjegyek függvényében
|h [elektronikus dokumentum] /
|c Katalin Horti
|
| 246 |
1 |
0 |
|a The effect of taboo words on cognitive performance in connection with different personality traits
|h [elektronikus dokumentum]
|
| 260 |
|
|
|c 2019
|
| 650 |
|
4 |
|a Társadalomtudomány
|
| 650 |
|
4 |
|a Psychology
|
| 695 |
|
|
|a Big Five, lexikális döntési feladat, tabuhatás
|
| 700 |
2 |
|
|a Szegedi-Hallgató Emese
|e ths
|
| 856 |
4 |
0 |
|u http://diploma.bibl.u-szeged.hu/id/eprint/87487/1/2019_horti_katalin.pdf
|z Dokumentum-elérés
|